1072 1041 1189 1666 1035 1908 1983 1338 1035 1841 1132 1506 1450 1826 1038 1111 1559 1009 1766 1274 1241 1485 1347 1746 1153 1264 1750 1968 1118 1277 1433 1268 1542 1740 1954 1107 1194 1419 1415 1925 1752 1855 1959 1701 1615 1234 1367 1039 1781 1217 1794 1930 1917 1530 1513 1901 1643 1766 1577 1680 1445 1240 1417 1722 1059 1932 1263 1841 1209 1513 1824 1987 1168 1068 1219 1938 1662 1478 1457 1276 1138 1369 1068 1583 1579 2000 1509 1870 1740 1422 1687 1625 1536 1428 1302 1509 1913 1843 1086 BCNSPRNW ULIB Ver.6.0+V

เปลี่ยนเป็นภาษาไทย

Change to English
 แสดงรายละเอียดบรรณานุกรม
  กลับหน้าหลัก

Brief Record : Get Marc (ISO 2709) : E-mail record : QR code < ปิดหน้าต่าง
LEADER : 00000nam 2200000uu 4500
001    13399122577
003     ULIB
008    130806s2552||||th 000 0 tha d
099    ^aวจ.WS103^bธ229ป
100 0  ^aธนัชฌา ภัยพยบ
245 00 ^aประสิทธิผลและความาพึงพอใจในการใช้โปรแกรมคอมพิวเตอร์เพื่อประเมินพัฒนาการเด็ก/^cธนัชฌา ภัยพยบ
246 0  ^aEffectiveness and satisfaction of using computer program to assess child development
260    ^aนครสวรรค์:^bวิทยาลัยพยาบาลบรมราชชนนี สวรรค์ประชารักษ์ นครสวรรค์,^c2552
300    ^a104 แผ่น
650  7 ^aศูนย์ศึกษาเด็กวิทยาลัยพยาบาลบรมราชชนนี สวรรค์ประชารักษ์ นครสวรรค์,^xวิจัย
650  4 ^aพัฒนาการเด็ก^xวิจัย
945    ^p0^l0^i20021
995    ^aทศพร
999    ^aกัณชพร
รายการนี้ยังไม่มีแท็ก
คุณยังไม่ได้ล็อกอิน คุณสามารถมีกิจกรรมร่วมกับเว็บไซต์ได้ แต่ต้องล็อกอินก่อน ::
  ล็อกอิน

รายการสื่อสารสนเทศ

ลำดับที่ ประเภท เลขเรียก/บาร์โค้ด สถานที่ สถานะ
1. งานวิจัย
งานวิจัย
วจ.WS103 ธ229ป ฉ.1 
  Barcode: 20021
ห้องสมุดวิทยาเขตสวรรค์ประชารักษ์
►วิจัย
บนชั้น

รายการใกล้เคียง
    ผู้แต่ง [ธนัชฌา ภัยพยบ]

BibComment


ยังไม่เคยถูกคอมเมนท์

คอมเมนท์ทรัพยากรรายการนี้
  คอมเมนท์: ประสิทธิผลและควา..


 Copyright 2026. Bcnsprnw @Library